ბათუმის შოთა რუსთაველის სახელმწიფო უნივერსიტეტის ბიბლიოთეკა

სამოქალაქო კაზუსების ამოხსნის მაგალითები (ბიბ.ჩანაწერი № 42521)

000 -LEADER
fixed length control field 00782nam a2200229Ia 4500
001 - CONTROL NUMBER
control field 9218
003 - CONTROL NUMBER IDENTIFIER
control field GE_BSU
008 - FIXED-LENGTH DATA ELEMENTS--GENERAL INFORMATION
fixed length control field 181216s||||||||xx |||||||||||||| ||und||
020 ## - INTERNATIONAL STANDARD BOOK NUMBER
International Standard Book Number 9789941918193
040 ## - CATALOGING SOURCE
Transcribing agency GE_BSU
080 ## - UNIVERSAL DECIMAL CLASSIFICATION NUMBER
Universal Decimal Classification number 347.096
100 ## - MAIN ENTRY--PERSONAL NAME
Personal name ჩაჩანიძე,ეთერ
245 ## - TITLE STATEMENT
Title სამოქალაქო კაზუსების ამოხსნის მაგალითები
245 ## - TITLE STATEMENT
Remainder of title კრებული
260 ## - PUBLICATION, DISTRIBUTION, ETC.
Place of publication, distribution, etc. თბილისი.
260 ## - PUBLICATION, DISTRIBUTION, ETC.
Name of publisher, distributor, etc. giz bmz
260 ## - PUBLICATION, DISTRIBUTION, ETC.
Date of publication, distribution, etc. 2014
300 ## - PHYSICAL DESCRIPTION
Extent 40გვ;23სმ
300 ## - PHYSICAL DESCRIPTION
Other physical details ბიბლოგრ:გვ.40
653 ## - INDEX TERM--UNCONTROLLED
Uncontrolled term - სამოქალაქო სამართალი; სამოქალაქო კაზუსის ამოხსნა
942 ## - ADDED ENTRY ELEMENTS (KOHA)
Koha item type წიგნი
ეგზემპლარები
Withdrawn status Lost status Damaged status Not for loan Date acquired Barcode Date last seen Price effective from Koha item type
        2018-12-17 32128 2018-12-17 2018-12-17 წიგნი
        2018-12-17 32129 2018-12-17 2018-12-17 წიგნი
        2018-12-17 32130 2018-12-17 2018-12-17 წიგნი
        2018-12-17 32131 2018-12-17 2018-12-17 წიგნი
        2018-12-17 32132 2018-12-17 2018-12-17 წიგნი